Principles of accounting
Αποθηκεύτηκε σε:
| Κύριος συγγραφέας: | |
|---|---|
| Άλλοι συγγραφείς: | , |
| Μορφή: | Βιβλίο |
| Γλώσσα: | English |
| Δημοσίευση: |
Boston, London :
Houghton Mifflin Company,
c1993
|
| Έκδοση: | 5th ed. |
| Θέματα: | |
| Ετικέτες: |
Προσθήκη ετικέτας
Δεν υπάρχουν, Καταχωρήστε ετικέτα πρώτοι!
|
MARC
| LEADER | 00000nam a2200000 i 4500 | ||
|---|---|---|---|
| 001 | 1/68165 | ||
| 008 | 960620s1993 eng d | ||
| 020 | |a 0-395-66225-7 | ||
| 035 | |l 10030143 | ||
| 040 | |a GR-MY-UA |b gre |e aacr | ||
| 041 | 0 | |a eng | |
| 082 | 0 | |a 657 | |
| 100 | 1 | |a Needles, Belverd E. | |
| 245 | 1 | 0 | |a Principles of accounting / |c Belverd E. Needles, Henry R. Anderson, James C. Caldwell |
| 250 | |a 5th ed. | ||
| 260 | |a Boston, London : |b Houghton Mifflin Company, |c c1993 | ||
| 300 | |a 1143 σ. | ||
| 504 | |a Περιλαμβάνει ευρετήριο | ||
| 650 | 0 | 0 | |a Accounting. |
| 700 | 1 | |a Anderson, Henry R. |d 1939- | |
| 700 | 1 | |a Caldwell, James C. | |
| 852 | |a INST |b CHIOS |e 19960620 |h 657 NEE |p 005200003327 |q 005200003327 |t BK |y 0 | ||
| 909 | |a Χ |b 031328 | ||